000 01179nam a22003377a 4500
003 CHAP
005 20220329133955.0
008 971013s1974 r 00010 d
010 _a13452
011 _a14424
035 _a18497
040 _cCHAP
090 _aTesis
100 0 0 _aGómez Zambrano, Jairo.
_949951
245 _aDeterminación de la conductividad hidráulica equivalente para el esquema de líneas equipotenciales paralelas con flujo horizontal
260 _aChapingo, Méx. :
_bEl autor,
_c1974
300 _a48 p.
_b: ilus
502 _aTesis (M.C. Esp. en Riego y Drenaje) -- ENA. Colegio de Postgraduados. Rama de Riego y Drenaje
590 _aALEPH
_b10
_c20130110
_lUCH01
_h1233
590 _aBATCH-UPD
_b10
_c20130110
_lUCH01
_h0914
590 _aBATCH-UPD
_b10
_c20130410
_lUCH01
_h0538
590 _aBATCH-UPD
_b10
_c20130914
_lUCH01
_h1613
590 _aCONVERSION
_b10
_c20130109
_lUCH01
_h1309
650 1 4 _aHidráulica.
_955219
650 1 4 _aHidrodinámica.
_955233
901 _aBK
942 _cFOLL
949 _bBC
_cTES
_d-43170
_eTS1
_i18497
_si
949 _bBC
_cTES
_d-43171
_eTS2
_fc.2
_i18497
_si
949 _bBC
_cTES
_d-43172
_eTS2
_fc.3
_i18497
_si
999 _c13452
_d13452